000 00349nam a2200133Ia 4500
008 231129s1974||||xx |||||||||||||| ||spa||
020 _a84-323-0118-3 (Obra
040 _bspa
082 _a930 I34
245 0 _aLos imperios del antiguo oriente
260 _c1974
264 _aSiglo XXI Editores
942 _2ddc
_cBKS
999 _c19750
_d19750